Computer science : an overview
Αποθηκεύτηκε σε:
| Κύριος συγγραφέας: | |
|---|---|
| Μορφή: | Βιβλίο |
| Γλώσσα: | English |
| Δημοσίευση: |
Boston :
Pearson/Addison Wesley,
2007
|
| Έκδοση: | 9th ed. |
| Θέματα: | |
| Ετικέτες: |
Προσθήκη ετικέτας
Δεν υπάρχουν, Καταχωρήστε ετικέτα πρώτοι!
|
MARC
| LEADER | 00000nam a2200000 i 4500 | ||
|---|---|---|---|
| 001 | 1/48756 | ||
| 008 | 070720s2007 eng d | ||
| 020 | |a 0-321-43445-5 | ||
| 035 | |l 10089003 | ||
| 040 | |a GR-MY-UA |b gre |e aacr | ||
| 041 | 0 | |a eng | |
| 082 | 0 | |a 004 |2 (22) | |
| 100 | 1 | |a Brookshear, J. Glenn. |4 aut | |
| 245 | 1 | 0 | |a Computer science : |b an overview / |c J. Glenn Brookshear |
| 250 | |a 9th ed. | ||
| 260 | |a Boston : |b Pearson/Addison Wesley, |c 2007 | ||
| 300 | |a xv, 599σ.; |b εικ.; |c 24εκ. | ||
| 504 | |a Περιλαμβάνει βιβλιογραφίες και ευρετήριο | ||
| 650 | 0 | 0 | |a Computer science. |
| 852 | |a INST |b CHIOS |e 20070720 |h 004 BRO |p 005200025869 |q 005200025869 |t BK |y 0 | ||
| 901 | |a BIBL2-2007-2 | ||
| 909 | |a Χ |b 136843 | ||
| 922 | |a 2ΕΛΗ |b 200707 |c ΕΠΕΑΕΚ2/ΤΔΕ |d ΕΛΕΥΘΕΡΟΥΔΑΚΗΣ | ||
| 970 | |a ΒΑΡΦΗΣ |b ΒΑΓΓΕΛΗΣ |z 2007/07/20 | ||